000 00347 a2200157 4500
001 194879
020 _a
040 _cMagnum
100 _a3 Periodo 3
240 1 0 _aO rato do campo e o rato da cidade
_lpor
245 1 0 _aO rato do campo e o rato da cidade
300 _a16
362 0 _a2020
697 _aLITERATURA INFANTIL
942 _cBK
999 _c194879
_d194879